000 00277nam a2200097Ia 4500
001 683304
005 20250826161435.0
008 250824s9999 xx 000 0 und d
245 0 _aGALİBA HİÇ BİRİMİZ BU DÜNYADAN SAĞ ÇIKMIYCAZ
_cÇİĞDEM CAN
260 _bTİMAŞ YAYINLARI
999 _c683304
_d683304